Viac podpory pre výrobcov

Rozhovor s generálnym riaditeľom JAS, a.s. Ing. J. Varalim. Slovenskí výrobcovia obuvi a ich postavenie na trhu s obuvou. Uplatňovanie certifikácie obuvi. Kúpyschopnosť obyvateľstva na Slovensku z hľadiska výrobcov obuvi. Umiestnenie firmy JAS na zahraničných trhoch. Faktory rozhodujúce o úspechu na...

Ausführliche Beschreibung

Gespeichert in:
Bibliographische Detailangaben
1. Verfasser: Varali, J.
Weitere Verfasser: Novosád, František
Format: Buchkapitel
Sprache:Slowakisch
Schlagworte:
Tags: Tag hinzufügen
Keine Tags, Fügen Sie das erste Tag hinzu!

MARC

LEADER 00000naa a2200000 4500
001 r027374
005 20230606081338.6
041 0 |a slo 
044 |a SK 
245 1 0 |a Viac podpory pre výrobcov  |c J. Varali, F. Novosád 
520 |a Rozhovor s generálnym riaditeľom JAS, a.s. Ing. J. Varalim. Slovenskí výrobcovia obuvi a ich postavenie na trhu s obuvou. Uplatňovanie certifikácie obuvi. Kúpyschopnosť obyvateľstva na Slovensku z hľadiska výrobcov obuvi. Umiestnenie firmy JAS na zahraničných trhoch. Faktory rozhodujúce o úspechu na slovenskom trhu obuvi. Legislatívne podmienky upravujúce podmienky podnikania. 
610 2 0 |a priemysel obuvnícky 
610 2 0 |a JAS, a.s. Bardejov 
610 2 0 |a obuv 
610 2 0 |a certifikácia 
610 2 0 |a konkurencia 
610 2 0 |a trh zahraničný 
610 2 0 |a Slovensko 
610 2 0 |a kúpyschopnosť 
610 2 0 |a legislatíva 
610 2 0 |a podnikanie 
100 1 |a Varali, J. 
700 1 |a Novosád, František